Československé legie v Rusku a boj za vznik Československa 1914-1918 II. díl Bolševici a československé legie, počátek jejich ozbrojeného konfliktu, březen - kvĕten 1918

Bibliographic Details
Main Author: Fic, Victor Miroslav, 1922-2005 (Author)
Other Authors: Paleček, Pavel, 1977- (Author of introduction, etc.), Barnettová, Jiřina (Translator)
Format: Book
Language:Czech
English
PhysicalDescription:490 s., [14] s. obr. príl. ilustr., portréty 21 cm 1 CD-ROM
Published: Brno Stilus 2007
ISBN:9788087122006
Edition:1. vyd.
Subjects:

MARC

LEADER 00000nam a2200000 a 4500
001 vtls009142957
003 SK-MaSNL
005 20260301023522.0
008 240318s2007 xr oac n 001 0 cze
015 |a SNBZSA2008-00317 
020 |a 9788087122006  |q (viaz.) 
035 |a urn:nbn:sk:snk-am00a0kt 
035 |a urn:nbn:sk:snk-am3hcam 
035 |a C4F42C0E-A6C7-4E06-9263-439B9C393F3A 
040 |a SNK  |b slo  |c SNK  |e AACR2 
041 1 |a cze  |h eng 
043 |a e-cs---  |a e-ru--- 
044 |a xr  |c CZ 
072 7 |a 355/359  |x Vojenstvo. Obrana krajiny. Ozbrojené sily  |2 konspekt 
080 |a 355.318.2  |x (437)  |x (470+571)  |2 2001 
080 |a 355.4  |x (470+571)  |2 2001 
080 |a 94((571.1/.5)  |2 2001 
080 |a 94(470+571)  |x "1918/1921"  |2 2001 
100 1 |a Fic, Victor Miroslav,  |d 1922-2005  |4 aut  |9 316006 
245 1 0 |a Československé legie v Rusku a boj za vznik Československa 1914-1918  |n II. díl  |p Bolševici a československé legie, počátek jejich ozbrojeného konfliktu, březen - kvĕten 1918  |c Victor Miroslav Fic ; [přeložila Jiřina Barnettová ; české vydání připravil a doslov napsal Pavel Paleček] 
246 3 0 |a Bolševici a československé legie 
246 3 0 |a Bolševici a československé legie, počátek jejich ozbrojeného konfliktu, březen - kvĕten 1918 
250 |a 1. vyd. 
260 |a Brno  |b Stilus  |c 2007 
300 |a 490 s., [14] s. obr. príl.  |b ilustr., portréty  |c 21 cm  |e 1 CD-ROM 
500 |a Prel. z angl. 
500 |a CD-ROM obsahuje mapy 
504 |a Bibliogr. odkazy. Reg. 
550 |a Vydavateľ: Ústav pro soudobé dĕjiny AV ČR 
610 2 7 |a Česko-slovenské légie  |z Rusko  |y 1918  |9 316007 
650 0 7 |a zahraničné vojenské jednotky  |z Československo  |y 1918  |2 snkph  |9 115590 
650 0 7 |a vojenské operácie  |z Rusko  |y 1918  |2 snkph  |9 316008 
650 0 7 |a ruská občianska vojna (1918-1921)  |2 snkph  |9 166888 
651 7 |a Sibír (Rusko)  |2 snkph  |9 39940 
655 7 |a monografie  |2 snkph  |9 70139 
700 1 |a Paleček, Pavel,  |d 1977-  |4 aui  |9 92344 
700 1 |a Barnettová, Jiřina  |4 trl  |9 316009 
710 2 |a Akademie věd České republiky.  |b Ústav pro soudobé dějiny  |4 pbl  |9 156108 
919 |a 978-80-87122-00-6 
958 |a ZS 
958 |a RU 
958 |a NB 
958 |a OP 
999 |c 569331  |d 571261 
952 |a SNK  |b SNK  |y PREZ  |7 0  |p 17A0567247  |o snkSC 128430/2  |i snk2007/24594  |8 2  |g 0.03  |0 0  |1 0  |4 0  |d 2007-09-24  |f 1  |l 0  |r 2025-06-17 00:00:00  |w 2026-02-23